Ľudský kapitál a ekonomický rast bakalárska práca

Enregistré dans:
Détails bibliographiques
Auteur principal: Medvecová, Miroslava
Collectivité auteur: Národohospodárska fakulta EU. Katedra hospodárskej politiky
Autres auteurs: Lábaj, Martin, 1982-
Format: Livre
Langue:slovaque
Publié: Bratislava 2016
Tags: Ajouter un tag
Pas de tags, Soyez le premier à ajouter un tag!

MARC

LEADER 00000nbm a2200000 4500
001 0219913
005 20161125142745.5
041 0 |a slo 
044 |a SK 
245 1 0 |a Ľudský kapitál a ekonomický rast  |b bakalárska práca  |c Miroslava Medvecová ; školiteľ: Martin Lábaj 
264 1 |a Bratislava  |c 2016 
300 |a 32 s. 
100 1 |a Medvecová, Miroslava 
700 1 |a Lábaj, Martin, 1982- 
710 2 |a Národohospodárska fakulta EU. Katedra hospodárskej politiky